000 00960cab a2200301 4500
001 WB3511-40
008 090401t1999 xxu||||| |||| 00| 0 eng d
035 _a(Sirsi) u92181
041 _aeng
245 _aSurveyor faces fire claim
260 _c1999
350 _a0
490 _aHerald
_v17 March 1999, 11(1)
520 _aThe owner of a flat in Edinburgh is taking a firm of surveyors to court with a claim that it underestimated the size of her flat. The owner claims the negligent valuation made a difference of £70,000 on an insurance payout after a fire.
650 _aACCURACY
650 _aEDINBURGH
650 _aFIRE
650 _aINSURANCE CLAIM
650 _aINSURANCE VALUATION
650 _aMeasurement
_96256
650 _aNEGLIGENCE
650 _aREINSTATEMENT VALUE
650 _aSURVEYORS
650 _aVALUE
690 _aMANAGEMENT-BUSINESS MANAGEMENT-PROFESSIONAL PRACTICE
942 _n0
948 _c17/03/1999
999 _c58444
_d58444